Loading...

Noolpalam kadakkunnavar /

Bibliographic Details
Main Author: Vaisakhan, Mk Gopinathan Nair
Language:Undetermined
Published: Trissur : Current Books , 1998.
LEADER 00763nam a2200157Ia 4500
001 61310
008 170722s9999 xx 000 0 und d
100 |a Vaisakhan, Mk Gopinathan Nair 
245 |a Noolpalam kadakkunnavar / 
260 |a Trissur :  |b Current Books ,  |c 1998. 
300 |a 156 p.  |c 21cms 
942 |c GEN 
999 |c 109231  |d 109231 
952 |0 0  |1 0  |4 0  |6 O_3231N4012X_M8KRM82  |7 0  |9 153895  |a LIB  |b LIB  |d 2017-08-12  |o O32,31N4012x M8(KR)-M8;2  |p 206944  |r 2017-08-12  |v 22.00  |w 2017-08-12  |y GEN 
952 |0 0  |1 0  |4 0  |6 O_3231N4012X_M8KRM82  |7 0  |9 153896  |a LIB  |b LIB  |d 2017-08-12  |o O32,31N4012x M8(KR)-M8;2  |p 206945  |r 2017-08-12  |v 22.00  |w 2017-08-12  |y GEN 
952 |0 0  |1 0  |4 0  |6 O_3231N4012X_M8KRM82  |7 0  |9 153897  |a LIB  |b LIB  |d 2017-08-12  |o O32,31N4012x M8(KR)-M8;2  |p 207354  |r 2017-08-12  |v 22.00  |w 2017-08-12  |y GEN